000
00265nam a22001217a 4500
008
170308b xxu||||| |||| 00| 0 eng d
041
_a
eng
080
_2
12TH
_a
611
100
_a
6
101
_a
SHM
245
_a
ANATOMY & PHYSIOLOGY
_c
TEMPLIN, J.M
942
_2
udc
_c
BK
999
_c
7215
_d
7215